000
00306nam a22001337a 4500
003
SGT
082
_a
615.53
_b
P15P
100
_a
PATIL.VASANT.C
245
_a
PRINCIPLES AND PRACTICE OF PANCAKARMA
260
_a
VARANSI
_b
CHAUKHAMBHA PUB
_c
2015
300
_a
716
650
_a
PANCAKARMA
942
_2
ddc
_c
BK
_0
71
999
_c
8357
_d
8357